The future post-human space- time : (Record no. 13850)
[ view plain ]
| 000 -LEADER | |
|---|---|
| fixed length control field | 00578nam a22001697a 4500 |
| 008 - FIXED-LENGTH DATA ELEMENTS--GENERAL INFORMATION | |
| fixed length control field | 160920b xxu||||| |||| 00| 0 eng d |
| 020 ## - INTERNATIONAL STANDARD BOOK NUMBER | |
| International Standard Book Number | 9780820488714 |
| 020 ## - INTERNATIONAL STANDARD BOOK NUMBER | |
| International Standard Book Number | 0820488712 |
| 050 ## - LIBRARY OF CONGRESS CALL NUMBER | |
| Classification number | BD632 |
| Item number | .B36 2006 |
| 100 ## - MAIN ENTRY--PERSONAL NAME | |
| Personal name | Baofu, Peter |
| 245 ## - TITLE STATEMENT | |
| Title | The future post-human space- time : |
| Remainder of title | conceiving a better way to understand space and time/ |
| Statement of responsibility, etc. | Peter Baofu. |
| 260 ## - PUBLICATION, DISTRIBUTION, ETC. (IMPRINT) | |
| Place of publication, distribution, etc. | New York : |
| Name of publisher, distributor, etc. | Peter Lang , |
| Date of publication, distribution, etc. | c2006. |
| 300 ## - PHYSICAL DESCRIPTION | |
| Extent | xi, 202p. : |
| Other physical details | ill. ; |
| 500 ## - GENERAL NOTE | |
| General note | Includes bibliography and index. |
| 650 ## - SUBJECT ADDED ENTRY--TOPICAL TERM | |
| Topical term or geographic name as entry element | Space and time. |
| 942 ## - ADDED ENTRY ELEMENTS (KOHA) | |
| Source of classification or shelving scheme | |
| Koha item type | Hard Covered Materials |
| Classification part | BD632 .B36 2006 |
| Withdrawn status | Lost status | Source of classification or shelving scheme | Damaged status | Not for loan | Home library | Current library | Shelving location | Date acquired | Source of acquisition | Total Checkouts | Full call number | Barcode | Date last seen | Date last checked out | Price effective from | Koha item type |
|---|---|---|---|---|---|---|---|---|---|---|---|---|---|---|---|---|
| MACHAKOS UNIVERSITY LIBRARY | MACHAKOS UNIVERSITY LIBRARY | Open shelf | 20/09/2016 | Donation(BFA) | 2 | BD632 .B36 2006 | 24161 | 23/09/2024 | 09/09/2024 | 20/09/2016 | Hard Covered Materials |